A handbook of writing for engineers /

Uloženo v:
Podrobná bibliografie
Hlavní autor: Van Emden, Joan.
Médium: Kniha
Jazyk:English
Vydáno: London : Macmillan Press, 1998.
Vydání:2nd ed.
Témata:
Tagy: Přidat tag
Žádné tagy, Buďte první, kdo otaguje tento záznam!
Thư viện lưu trữ: Mạng thư viện Đại học Đà Nẵng
LEADER 00806cam a2200325 i 4500
001 000045792
003 4989
005 20030304142259.0
008 010220|1998 vm 000 eng
020 |a 0333728076 (pbk) 
040 |a IRC  |c IRC  |d IRC 
041 0 |a eng 
082 1 4 |a 808.0666  |b VA-J 
100 1 |a Van Emden, Joan. 
245 0 2 |a A handbook of writing for engineers /  |c Joan Van Emden. 
250 |a 2nd ed. 
260 |a London :  |b Macmillan Press,  |c 1998. 
300 |a vii, 130p. 
630 0 4 |a Technical writing. 
650 0 4 |a Technical writing. 
OWN |a DUT 
999 |a From the UDN01 
TYP |a Monograph 
TYP |a Printed language 
980 |a Mạng thư viện Đại học Đà Nẵng